[Event "7. Europameisterschaft"]
[Site "Kusadasi"]
[Date "2006.04.04"]
[Round "1"]
[White "Brkic, Ante"]
[Black "Naiditsch, Arkadij"]
[Result "1/2-1/2"]
[WhiteElo "2506"]
[BlackElo "2657"]
[PlyCount "71"]
[EventDate "2006.04.03"]

1. e4 e5 2. Nf3 Nc6 3. Bb5 a6 4. Ba4 Nf6 5. O-O Be7 6. Re1 b5 7. Bb3 O-O 8. c3
d5 9. exd5 Nxd5 10. Nxe5 Nxe5 11. Rxe5 c6 12. Bxd5 cxd5 13. d4 Bd6 14. Re3 Qh4
15. h3 g5 16. Qf3 Be6 17. Qf6 Rae8 18. Nd2 Qf4 19. Qxf4 Bxf4 20. Re1 Bxh3 21.
Rxe8 Rxe8 22. Nf3 Bxc1 23. Rxc1 Bf5 24. Re1 Rxe1+ 25. Nxe1 f6 26. f3 Kf7 27. g3
Bb1 28. a3 a5 29. b4 a4 30. Kf2 Ke6 31. Ng2 h5 32. Ke2 Bf5 33. Kf2 Bb1 34. Ke2
f5 35. f4 Be4 36. Nh4 1/2-1/2

[Event "7. Europameisterschaft"]
[Site "Kusadasi"]
[Date "2006.04.04"]
[Round "1"]
[White "Lutz, Christopher"]
[Black "Itkis, Boris"]
[Result "1/2-1/2"]
[WhiteElo "2609"]
[BlackElo "2474"]
[PlyCount "111"]
[EventDate "2006.04.03"]

1. e4 e5 2. Nf3 Nc6 3. Bb5 Nf6 4. O-O Nxe4 5. d4 Nd6 6. Bxc6 dxc6 7. dxe5 Nf5
8. Qxd8+ Kxd8 9. Nc3 h6 10. h3 Ne7 11. Bd2 Bf5 12. Rac1 c5 13. Nh4 Bd7 14. f4
g6 15. Be3 b6 16. Rcd1 Kc8 17. Rd2 Bg7 18. Nf3 Bc6 19. Kf2 Kb7 20. Rfd1 f6 21.
exf6 Bxf6 22. Re2 Rhf8 23. Bc1 Nf5 24. Ne4 Bd4+ 25. Nxd4 Nxd4 26. Ree1 Nxc2 27.
Re2 Nd4 28. Ree1 g5 29. g3 Rae8 30. Nc3 gxf4 31. gxf4 Nf5 32. Rxe8 Rxe8 33. Rg1
b5 34. Ne2 Bd7 35. Ng3 Rg8 36. Nxf5 Rxg1 37. Kxg1 Bxf5 38. h4 Kc6 39. Kf2 Kd5
40. Ke2 h5 41. Be3 b4 42. Kd2 a5 43. a3 Kc6 44. Kc1 Kb5 45. Bf2 c4 46. axb4
axb4 47. Bd4 Ka4 48. Be5 c6 49. Bf6 Kb3 50. Be5 Ka2 51. Bf6 c5 52. Be5 c3 53.
bxc3 b3 54. c4 Ka3 55. Bb2+ Kb4 56. Bf6 1/2-1/2

[Event "7. Europameisterschaft"]
[Site "Kusadasi"]
[Date "2006.04.04"]
[Round "1"]
[White "Graf, Alexander"]
[Black "Kovacevic, Blazimir"]
[Result "1-0"]
[WhiteElo "2604"]
[BlackElo "2463"]
[PlyCount "75"]
[EventDate "2006.04.03"]

1. d4 e6 2. c4 Bb4+ 3. Bd2 Bxd2+ 4. Qxd2 f5 5. g3 Nf6 6. Bg2 d6 7. Nf3 Ne4 8.
Qc2 O-O 9. Nc3 Nxc3 10. Qxc3 Qf6 11. Rc1 c6 12. O-O Nd7 13. b4 e5 14. dxe5 dxe5
15. c5 e4 16. Nd2 Qxc3 17. Rxc3 a5 18. Ra3 Ra6 19. bxa5 Nxc5 20. Rc1 Ne6 21.
Nc4 Nd4 22. Bf1 Nb5 23. Rb3 Be6 24. e3 Ra7 25. Rb2 Rd8 26. a4 Nd6 27. a6 Bxc4
28. axb7 Rxb7 29. Bxc4+ Kf8 30. Rxb7 Nxb7 31. Be6 g6 32. Rxc6 Ke7 33. Kg2 Ra8
34. Bxf5 Nd6 35. Rc7+ Kf6 36. Bd7 h5 37. Bb5 Rb8 38. Rc5 1-0

[Event "7. Europameisterschaft"]
[Site "Kusadasi"]
[Date "2006.04.04"]
[Round "1"]
[White "Mastrovasilis, Dimitrios"]
[Black "Bindrich, Falko"]
[Result "1/2-1/2"]
[WhiteElo "2573"]
[BlackElo "2401"]
[PlyCount "145"]
[EventDate "2006.04.03"]

1. e4 c5 2. d3 Nc6 3. Be2 g6 4. f4 Bg7 5. Nf3 d6 6. O-O e6 7. c3 Nge7 8. Be3
O-O 9. d4 cxd4 10. cxd4 f5 11. e5 Nd5 12. Qd2 dxe5 13. dxe5 Nxe3 14. Qxe3 Nb4
15. Na3 Nd5 16. Qd2 b6 17. Nb5 Qe7 18. Nfd4 g5 19. Bf3 gxf4 20. Bxd5 exd5 21.
Nc6 Qd7 22. Rac1 Bb7 23. e6 Qxe6 24. Rfe1 Qh6 25. Qxd5+ Kh8 26. Nd6 Bxc6 27.
Rxc6 Qh4 28. Rcc1 Qf6 29. Rc7 Qd4+ 30. Qxd4 Bxd4+ 31. Kf1 Be3 32. Rd1 Kg8 33.
Ke2 Rad8 34. b4 b5 35. h4 Bb6 36. Rc6 Rf6 37. Kf3 Rg6 38. Rd5 Rg3+ 39. Kxf4
Rxg2 40. Nxf5 Rf8 41. a3 Bd8 42. Ke5 Bf6+ 43. Rxf6 Re2+ 44. Ne3 Rxe3+ 45. Kd4
Rxf6 46. Kxe3 Ra6 47. Rxb5 Rxa3+ 48. Kd4 Kg7 49. Rg5+ Kf6 50. Kc5 Rh3 51. Rg4
h5 52. Rd4 Kf5 53. b5 Rc3+ 54. Kd6 Ra3 55. Kc6 Ra5 56. Rc4 Ra1 57. Kc7 Ra5 58.
Rb4 Ke5 59. Kc6 Kf5 60. Rd4 Ra1 61. Rc4 Ra5 62. Kc5 a6 63. Kb6 Rxb5+ 64. Kxa6
Rb1 65. Ka5 Rb8 66. Ka4 Rg8 67. Kb3 Rg4 68. Rc5+ Kg6 69. Rc6+ Kf5 70. Rc5+ Kg6
71. Rc6+ Kf5 72. Rc5+ Kg6 73. Rc6+ 1/2-1/2

[Event "7. Europameisterschaft"]
[Site "Kusadasi"]
[Date "2006.04.04"]
[Round "1"]
[White "Pelletier, Yannick"]
[Black "Gasthofer, Alexander"]
[Result "1-0"]
[WhiteElo "2579"]
[BlackElo "2418"]
[PlyCount "93"]
[EventDate "2006.04.03"]

1. e4 e6 2. d4 d5 3. Nd2 c5 4. exd5 exd5 5. Bb5+ Nc6 6. Ngf3 Bd6 7. dxc5 Bxc5
8. O-O Nge7 9. Nb3 Bd6 10. Re1 O-O 11. Bd3 h6 12. h3 Nf5 13. c3 Bc7 14. Bc2 Qd6
15. Qd3 g6 16. Qd1 Kg7 17. Qd2 Rh8 18. Rd1 Nh4 19. Nbd4 Nxf3+ 20. Nxf3 Be6 21.
c4 d4 22. b3 Ba5 23. Qf4 Qxf4 24. Bxf4 Bc3 25. Rac1 Rhd8 26. Be4 f6 27. Bd2 Bb2
28. Rc2 Ba3 29. Bc1 Bc5 30. Bb2 Rd7 31. Bxc6 bxc6 32. Nxd4 Bxd4 33. Rxd4 Rxd4
34. Bxd4 a6 35. Rd2 Kf7 36. Be3 h5 37. Rd6 Rc8 38. Kf1 Rc7 39. Ke2 Bf5 40. Ke1
Bb1 41. Kd2 Be4 42. f3 Bf5 43. Bd4 Rd7 44. Rxf6+ Ke7 45. Ke3 c5 46. Be5 Ra7 47.
Rb6 1-0

[Event "7. Europameisterschaft"]
[Site "Kusadasi"]
[Date "2006.04.04"]
[Round "1"]
[White "Predojevic, Borki"]
[Black "Meier, Georg"]
[Result "1/2-1/2"]
[WhiteElo "2553"]
[BlackElo "2424"]
[PlyCount "47"]
[EventDate "2006.04.03"]

1. e4 e6 2. d4 d5 3. Nc3 dxe4 4. Nxe4 Nd7 5. Nf3 Ngf6 6. Nxf6+ Nxf6 7. c3 c5 8.
Be3 cxd4 9. Bxd4 Qc7 10. g3 Bc5 11. Bg2 O-O 12. O-O Bxd4 13. Qxd4 Bd7 14. Ne5
Rfd8 15. Rfe1 Be8 16. Qc4 Qxc4 17. Nxc4 Rac8 18. Ne5 Rd2 19. Rab1 b5 20. Red1
Rcd8 21. Rxd2 Rxd2 22. Kf1 Kf8 23. Ke1 Rd6 24. b3 1/2-1/2

[Event "7. Europameisterschaft"]
[Site "Kusadasi"]
[Date "2006.04.04"]
[Round "1"]
[White "Bogner, Sebastian"]
[Black "Anastasian, Ashot"]
[Result "0-1"]
[WhiteElo "2299"]
[BlackElo "2602"]
[PlyCount "46"]
[EventDate "2006.04.03"]

1. e4 c5 2. Nf3 Nc6 3. Bb5 g6 4. Bxc6 bxc6 5. d4 cxd4 6. Qxd4 f6 7. e5 Bg7 8.
Bf4 fxe5 9. Bxe5 Nf6 10. Nc3 d6 11. Qc4 dxe5 12. Nxe5 Rf8 13. Qxc6+ Bd7 14.
Nxd7 Nxd7 15. Nb5 Rc8 16. Qb7 Rf6 17. O-O-O Rb6 18. Qd5 Bxb2+ 19. Kb1 Bg7 20.
Qg8+ Bf8 21. Rd5 Qc7 22. Ka1 Qxc2 23. Qxh7 Nf6 0-1

[Event "7. Europameisterschaft"]
[Site "Kusadasi"]
[Date "2006.04.04"]
[Round "1"]
[White "Ziska, Helgi Dam"]
[Black "Baramidze, David"]
[Result "0-1"]
[WhiteElo "2286"]
[BlackElo "2554"]
[PlyCount "64"]
[EventDate "2006.04.03"]

1. e4 c5 2. Nf3 d6 3. d4 cxd4 4. Nxd4 Nf6 5. Nc3 a6 6. Bg5 e6 7. f4 Be7 8. Qf3
Qc7 9. O-O-O Nbd7 10. Bd3 h6 11. h4 Nc5 12. f5 hxg5 13. hxg5 Rf8 14. gxf6 Bxf6
15. Qe3 Bd7 16. g4 O-O-O 17. g5 Be5 18. Be2 Kb8 19. Bg4 d5 20. Rhf1 dxe4 21.
Nxe4 Nxe4 22. Qxe4 exf5 23. Bxf5 Bxf5 24. Rxf5 f6 25. gxf6 gxf6 26. Rff1 Rfe8
27. Qg4 Qc4 28. Rf4 Qxa2 29. c3 Bxf4+ 30. Qxf4+ Ka8 31. Rf1 Rxd4 32. cxd4 Re2
0-1

[Event "7. Europameisterschaft"]
[Site "Kusadasi"]
[Date "2006.04.04"]
[Round "1"]
[White "Michalczak, Thomas"]
[Black "Bartel, Mateusz"]
[Result "0-1"]
[WhiteElo "2361"]
[BlackElo "2524"]
[PlyCount "80"]
[EventDate "2006.04.03"]

1. e4 c6 2. d4 d5 3. Nc3 dxe4 4. Nxe4 Bf5 5. Ng3 Bg6 6. h4 h6 7. Nf3 Nf6 8. Ne5
Bh7 9. Bd3 Nbd7 10. Bxh7 Nxe5 11. dxe5 Qa5+ 12. Kf1 Nxh7 13. e6 Qd5 14. exf7+
Qxf7 15. h5 Nf6 16. Rh4 e5 17. Qe2 O-O-O 18. Be3 Nd5 19. Bxa7 b6 20. c4 Nf4 21.
Qxe5 Qxc4+ 22. Ne2 Qxe2+ 23. Qxe2 Nxe2 24. Bxb6 Rd2 25. Re4 Kb7 26. Be3 Rxb2
27. Re8 Nc3 28. Bd4 Bc5 29. Rxh8 Bxd4 30. Rf8 Nxa2 31. Re1 Nb4 32. Re6 Kb6 33.
g4 Rxf2+ 34. Rxf2 Bxf2 35. Re4 Bc5 36. Ke2 Nd5 37. Kd3 Nf6 38. Ra4 Bd6 39. Ke3
Kb5 40. Ra1 Nxg4+ 0-1

[Event "7. Europameisterschaft"]
[Site "Kusadasi"]
[Date "2006.04.05"]
[Round "2"]
[White "Baramidze, David"]
[Black "Iordachescu, Viorel"]
[Result "1/2-1/2"]
[WhiteElo "2545"]
[BlackElo "2601"]
[PlyCount "48"]
[EventDate "2006.04.03"]

1. e4 c5 2. Nf3 d6 3. d4 cxd4 4. Nxd4 Nf6 5. Nc3 a6 6. Be3 e5 7. Nb3 Be6 8. f3
Be7 9. Qd2 O-O 10. O-O-O Nbd7 11. g4 b5 12. g5 b4 13. Ne2 Ne8 14. f4 a5 15. f5
a4 16. fxe6 axb3 17. exf7+ Rxf7 18. cxb3 Rxa2 19. Ng3 Rxf1 20. Rhxf1 Ra1+ 21.
Kc2 Qc8+ 22. Kd3 Qa6+ 23. Kc2 Qc6+ 24. Kd3 Qa6+ 1/2-1/2

[Event "7. Europameisterschaft"]
[Site "Kusadasi"]
[Date "2006.04.05"]
[Round "2"]
[White "Bindrich, Falko"]
[Black "Erenburg, Sergey"]
[Result "0-1"]
[WhiteElo "2435"]
[BlackElo "2554"]
[PlyCount "132"]
[EventDate "2006.04.03"]

1. e4 c6 2. d4 d5 3. Nc3 dxe4 4. Nxe4 Nd7 5. Ng5 Ngf6 6. Bd3 e6 7. N1f3 Bd6 8.
Qe2 h6 9. Ne4 Nxe4 10. Qxe4 Qc7 11. O-O b6 12. Qg4 Kf8 13. b3 Bb7 14. Bb2 Nf6
15. Qh4 c5 16. dxc5 Qxc5 17. Bxf6 gxf6 18. Be4 Bxe4 19. Qxe4 Kg7 20. Rad1 Rad8
21. c4 Be7 22. Qb7 a5 23. Nd4 Rxd4 24. Rxd4 Qxd4 25. Qxe7 Rd8 26. Qc7 Rd6 27.
Qb7 h5 28. Qf3 h4 29. h3 f5 30. Qb7 e5 31. Qf3 Qe4 32. Qc3 Rd3 33. Qc2 Qd4 34.
Qe2 Kg6 35. Qc2 Rd2 36. Qb1 e4 37. b4 Rb2 38. Qc1 axb4 39. Qf4 Rxa2 40. Qxh4
Ra1 41. Qg3+ Kf6 42. Qh4+ Ke6 43. Qh6+ f6 44. Rxa1 Qxa1+ 45. Kh2 Qe5+ 46. g3
Qd4 47. Kg2 Qxc4 48. Qf8 Qc5 49. Qe8+ Kd6 50. Qf7 Ke5 51. h4 e3 52. Qe8+ Kd6
53. Qd8+ Kc6 54. Qe8+ Kb7 55. fxe3 Qc2+ 56. Kg1 Qd1+ 57. Kf2 b3 58. Qf7+ Ka6
59. h5 Qc2+ 60. Kf3 b2 61. Qa2+ Kb5 62. Qd5+ Kb4 63. Qd6+ Qc5 64. Qd3 Qc4 65.
Qd6+ Kb3 66. Qd1+ Ka2 0-1

[Event "7. Europameisterschaft"]
[Site "Kusadasi"]
[Date "2006.04.05"]
[Round "2"]
[White "Chuchelov, Vladimir"]
[Black "Luther, Thomas"]
[Result "1/2-1/2"]
[WhiteElo "2538"]
[BlackElo "2593"]
[PlyCount "80"]
[EventDate "2006.04.03"]

1. Nf3 d5 2. d4 e6 3. c4 Nf6 4. Nc3 Bb4 5. cxd5 exd5 6. Bg5 O-O 7. Qc2 Be6 8.
a3 Bxc3+ 9. Qxc3 Nbd7 10. Nd2 h6 11. Bh4 Rc8 12. e3 c5 13. dxc5 g5 14. Bg3 Nxc5
15. Qd4 Nfe4 16. Rd1 Bg4 17. f3 Ne6 18. Qb4 a5 19. Qb5 Nxd2 20. Rxd2 Rc1+ 21.
Kf2 Nc5 22. Be5 Bd7 23. Qe2 Qe7 24. Bc3 Re8 25. g3 Nb3 26. Rxd5 Be6 27. Re5 Qd6
28. Bg2 Rxc3 29. Rxe6 Rxe6 30. bxc3 Qxa3 31. Rd1 Rd6 32. f4 Rxd1 33. Qxd1 Qb2+
34. Kf1 Qxc3 35. Qd8+ Kg7 36. fxg5 Qc1+ 37. Kf2 Qc2+ 38. Kg1 Qc1+ 39. Kf2 Qc2+
40. Kg1 Qc1+ 1/2-1/2

[Event "7. Europameisterschaft"]
[Site "Kusadasi"]
[Date "2006.04.05"]
[Round "2"]
[White "Dgebuadze, Alexandre"]
[Black "Graf, Alexander"]
[Result "1-0"]
[WhiteElo "2535"]
[BlackElo "2592"]
[PlyCount "60"]
[EventDate "2006.04.03"]

1. e4 e5 2. Nf3 Nc6 3. Bb5 a6 4. Ba4 Nf6 5. O-O Nxe4 6. d4 b5 7. Bb3 d5 8. dxe5
Be6 9. c3 Be7 10. Be3 O-O 11. Re1 Qd7 12. Nbd2 Rad8 13. Bc2 Nxd2 14. Qxd2 Bg4
15. Qd3 g6 16. Bh6 Rfe8 17. Rad1 d4 18. Bb3 Bf5 19. Qd2 Na5 20. Bxf7+ Kxf7 21.
e6+ Qxe6 22. Rxe6 Bxe6 23. Ng5+ Bxg5 24. Qxg5 Bf5 25. g4 dxc3 26. Rxd8 cxb2 27.
Rd1 b1=Q 28. Rxb1 Bxb1 29. Qf4+ Ke6 30. Qb4 Kd5 1-0

[Event "7. Europameisterschaft"]
[Site "Kusadasi"]
[Date "2006.04.05"]
[Round "2"]
[White "Guliev, Sarhan"]
[Black "Lutz, Christopher"]
[Result "1/2-1/2"]
[WhiteElo "2484"]
[BlackElo "2608"]
[PlyCount "80"]
[EventDate "2006.04.03"]

1. d4 Nf6 2. c4 e6 3. Nc3 Bb4 4. e3 O-O 5. Bd3 d5 6. Nf3 c5 7. O-O cxd4 8. exd4
dxc4 9. Bxc4 b6 10. Bg5 Bb7 11. a3 Bxc3 12. bxc3 Nbd7 13. Bd3 Qc7 14. c4 Ng4
15. d5 exd5 16. cxd5 Qd6 17. Qa4 Nge5 18. Nxe5 Nxe5 19. Rad1 Nxd3 20. Rxd3 Rfe8
21. h4 Qg6 22. Rfd1 h6 23. Bf4 b5 24. Qa5 Bc8 25. Rg3 Qh5 26. Qd2 Kh8 27. Rc1
Bd7 28. Qd4 f6 29. Bc7 Re2 30. Ba5 Rae8 31. Qxa7 Qxd5 32. Rc7 Re1+ 33. Bxe1
Rxe1+ 34. Kh2 Qd1 35. Rxg7 Rh1+ 36. Kg3 Qd6+ 37. Kf3 Qd5+ 38. Kg3 Qd6+ 39. Kf3
Qd5+ 40. Kg3 Qd6+ 1/2-1/2

[Event "7. Europameisterschaft"]
[Site "Kusadasi"]
[Date "2006.04.05"]
[Round "2"]
[White "Mastrovasilis, Athanasios"]
[Black "Bogner, Sebastian"]
[Result "1-0"]
[WhiteElo "2508"]
[BlackElo "2329"]
[PlyCount "111"]
[EventDate "2006.04.03"]

1. d4 Nf6 2. Nf3 g6 3. Bg5 Bg7 4. Nbd2 c5 5. e3 d5 6. c3 Nc6 7. dxc5 O-O 8. Be2
a5 9. a4 e5 10. O-O h6 11. Bxf6 Bxf6 12. Qb3 Be7 13. Rfd1 Rb8 14. e4 d4 15. Nc4
Bg4 16. Qb5 Bxf3 17. Bxf3 Qc7 18. Nb6 h5 19. Nd5 Qd8 20. Be2 Kg7 21. Bc4 Bh4
22. g3 Bg5 23. f4 exf4 24. gxf4 Bh6 25. cxd4 Qh4 26. Qb3 Bxf4 27. Nxf4 Qxf4 28.
Bd5 Nb4 29. Qg3 Qf6 30. Qf2 Qg5+ 31. Qg3 Qf6 32. Ra3 b6 33. Rf3 Qe7 34. c6 Rbd8
35. c7 Rc8 36. Rc1 h4 37. Qe5+ Qxe5 38. dxe5 Na6 39. Rfc3 Nc5 40. Rxc5 bxc5 41.
Rxc5 Rfe8 42. Bb7 Kf8 43. Kg2 Ke7 44. Kh3 Kd7 45. Bc6+ Ke7 46. Bxe8 Kxe8 47.
Kxh4 Kd7 48. Kg5 Ke6 49. h4 Ke7 50. h5 gxh5 51. Kxh5 Ke6 52. Kg5 Rg8+ 53. Kf4
Rc8 54. b3 Kd7 55. Kf5 Ke7 56. Rc4 1-0

[Event "7. Europameisterschaft"]
[Site "Kusadasi"]
[Date "2006.04.05"]
[Round "2"]
[White "Naiditsch, Arkadij"]
[Black "Cvitan, Ognjen"]
[Result "1/2-1/2"]
[WhiteElo "2664"]
[BlackElo "2527"]
[PlyCount "76"]
[EventDate "2006.04.03"]

1. e4 c5 2. Nf3 d6 3. d4 cxd4 4. Nxd4 Nf6 5. Nc3 a6 6. Be3 e6 7. g4 e5 8. Nf5
h5 9. Bg5 hxg4 10. Nd5 Nbd7 11. h4 g6 12. Nfe3 Bh6 13. Bxh6 Rxh6 14. Nc4 Nxe4
15. Bg2 Ndf6 16. Nxf6+ Nxf6 17. Qd2 Rh5 18. Nxd6+ Kf8 19. O-O-O Qe7 20. Qc3 Be6
21. Bxb7 Rd8 22. Qa3 Bd5 23. Bxd5 Rxd6 24. Qb3 Rxd5 25. Rxd5 Nxd5 26. Qxd5 Qf6
27. Qg2 Rxh4 28. Rxh4 Qxh4 29. Kd2 Qg5+ 30. Ke2 Qf5 31. Qc6 Kg7 32. a4 a5 33.
Qc5 Qe4+ 34. Kd2 Qf4+ 35. Ke2 Qf3+ 36. Ke1 Qe4+ 37. Kd2 Qf4+ 38. Ke2 Qe4+
1/2-1/2

[Event "7. Europameisterschaft"]
[Site "Kusadasi"]
[Date "2006.04.05"]
[Round "2"]
[White "Jankovic, Alojzije"]
[Black "Michalczak, Thomas"]
[Result "1-0"]
[WhiteElo "2516"]
[BlackElo "2334"]
[PlyCount "51"]
[EventDate "2006.04.03"]

1. d4 Nf6 2. Nf3 d5 3. c4 e6 4. Nc3 dxc4 5. e3 c5 6. Bxc4 a6 7. a4 Nc6 8. O-O
Be7 9. Ne5 Qc7 10. Nxc6 bxc6 11. dxc5 Bxc5 12. Qc2 Bd6 13. h3 Bb7 14. e4 Qa5
15. Be3 O-O 16. Rad1 Bc5 17. e5 Bxe3 18. exf6 Bh6 19. Ne4 Rad8 20. b4 Qf5 21.
Bd3 Rxd3 22. Qxd3 gxf6 23. Qg3+ Qg6 24. Nxf6+ Kg7 25. Ng4 Bg5 26. Ne5 1-0

[Event "7. Europameisterschaft"]
[Site "Kusadasi"]
[Date "2006.04.06"]
[Round "3"]
[White "Atalik, Suat"]
[Black "Baramidze, David"]
[Result "1-0"]
[WhiteElo "2627"]
[BlackElo "2545"]
[PlyCount "55"]
[EventDate "2006.04.03"]

1. d4 Nf6 2. c4 g6 3. Nc3 d5 4. cxd5 Nxd5 5. Bd2 Bg7 6. e4 Nb6 7. Be3 O-O 8.
Be2 Nc6 9. Nf3 Bg4 10. d5 Bxf3 11. gxf3 Ne5 12. Qb3 Qd7 13. h3 Qc8 14. f4 Ned7
15. a4 Qb8 16. a5 Nc8 17. e5 c6 18. dxc6 bxc6 19. Qxb8 Rxb8 20. O-O-O Rb7 21.
Rd2 g5 22. Rg1 gxf4 23. Bxf4 Kh8 24. Rgd1 Nc5 25. Rd8 Ne6 26. Rxf8+ Bxf8 27.
Be3 Rc7 28. Bg4 1-0

[Event "7. Europameisterschaft"]
[Site "Kusadasi"]
[Date "2006.04.06"]
[Round "3"]
[White "Jankovic, Alojzije"]
[Black "Naiditsch, Arkadij"]
[Result "0-1"]
[WhiteElo "2516"]
[BlackElo "2664"]
[PlyCount "110"]
[EventDate "2006.04.03"]

1. d4 Nf6 2. c4 e6 3. Nf3 b6 4. Nc3 Bb7 5. a3 d5 6. cxd5 Nxd5 7. Qc2 Nxc3 8.
bxc3 c5 9. e4 Nd7 10. Bf4 cxd4 11. cxd4 Rc8 12. Qb1 Be7 13. Bd3 O-O 14. O-O Rc3
15. Bd2 Rxa3 16. Rxa3 Bxa3 17. Qa2 Qe7 18. Ra1 Bb4 19. Bxb4 Qxb4 20. Rc1 Nf6
21. Rc4 Qa5 22. Qxa5 bxa5 23. Rc7 Bxe4 24. Bxe4 Nxe4 25. Rxa7 Rb8 26. Ne1 Nc3
27. Rxa5 Ne2+ 28. Kf1 Nxd4 29. Ra4 Rd8 30. Nf3 Nf5 31. Ke2 h6 32. Ra7 f6 33. g4
Nd6 34. Nd4 Nc4 35. Nc6 Rd2+ 36. Kf1 Kh7 37. Ra4 Nb6 38. Re4 e5 39. Ne7 Nd7 40.
Rc4 Nf8 41. Nf5 Ne6 42. Kg2 h5 43. gxh5 Rd3 44. Ne3 Kh6 45. Rc6 Nf4+ 46. Kf3
Kxh5 47. Rc7 Kg6 48. Re7 Ra3 49. Kg4 Nd3 50. Kf3 f5 51. Re6+ Kh5 52. Rc6 e4+
53. Ke2 g6 54. Rc2 Nf4+ 55. Kd2 Kg5 0-1

[Event "7. Europameisterschaft"]
[Site "Kusadasi"]
[Date "2006.04.06"]
[Round "3"]
[White "Luther, Thomas"]
[Black "Arutinian, David"]
[Result "1/2-1/2"]
[WhiteElo "2593"]
[BlackElo "2532"]
[PlyCount "40"]
[EventDate "2006.04.03"]

1. e4 c6 2. d4 d5 3. Nd2 dxe4 4. Nxe4 Bf5 5. Ng3 Bg6 6. h4 h6 7. Nf3 Nd7 8. h5
Bh7 9. Bd3 Bxd3 10. Qxd3 Ngf6 11. Bf4 e6 12. O-O-O Be7 13. Kb1 O-O 14. Ne4 Nxe4
15. Qxe4 Nf6 16. Qe2 Qd5 17. Ne5 Qe4 18. Qxe4 Nxe4 19. Nd3 Nf6 20. c3 a5
1/2-1/2

[Event "7. Europameisterschaft"]
[Site "Kusadasi"]
[Date "2006.04.06"]
[Round "3"]
[White "Graf, Alexander"]
[Black "Itkis, Boris"]
[Result "1-0"]
[WhiteElo "2592"]
[BlackElo "2490"]
[PlyCount "95"]
[EventDate "2006.04.04"]

1. d4 d5 2. c4 c6 3. Nc3 Nf6 4. cxd5 cxd5 5. Bf4 Nc6 6. e3 e6 7. Bd3 Be7 8. Nf3
O-O 9. O-O Nh5 10. Be5 f6 11. Bg3 f5 12. Be5 Bd7 13. Rc1 Rc8 14. a4 Nf6 15.
Bxf6 Rxf6 16. b4 Bd6 17. Qb3 Rh6 18. g3 Qe8 19. Be2 Rf6 20. Kg2 h6 21. Bd3 Rf8
22. Ne2 a6 23. h4 Qe7 24. Nf4 Be8 25. Rfe1 Bf7 26. Bf1 g5 27. hxg5 hxg5 28. Nd3
Bh5 29. Nfe5 Bxe5 30. dxe5 Qg7 31. f4 Kf7 32. Qb2 Rh8 33. Nc5 Rcg8 34. Qf2 Bg4
35. Nxb7 Qh6 36. Qg1 Nd4 37. Nd6+ Kg6 38. exd4 gxf4 39. Rc3 Rg7 40. Be2 Rgh7
41. Bf3 fxg3 42. Kxg3 Qd2 43. Bxg4 fxg4 44. Kxg4 Qg5+ 45. Kf3 Rh3+ 46. Ke2 Rh2+
47. Kd1 Rd2+ 48. Kc1 1-0

[Event "7. Europameisterschaft"]
[Site "Kusadasi"]
[Date "2006.04.06"]
[Round "3"]
[White "Narciso Dublan, Marc"]
[Black "Bindrich, Falko"]
[Result "1/2-1/2"]
[WhiteElo "2510"]
[BlackElo "2435"]
[PlyCount "81"]
[EventDate "2006.04.04"]

1. e4 c5 2. Nf3 d6 3. Bc4 Nf6 4. d3 Nc6 5. c3 g6 6. O-O Bg7 7. Nbd2 O-O 8. Re1
Rb8 9. Bb3 Nd7 10. Nf1 Nde5 11. Nxe5 dxe5 12. Be3 b6 13. Qd2 Qd6 14. Bh6 Rd8
15. Bxg7 Kxg7 16. Rad1 Bg4 17. f3 Be6 18. Qc2 Bxb3 19. Qxb3 Na5 20. Qc2 Qe6 21.
a3 Qb3 22. Qxb3 Nxb3 23. Kf2 Rd7 24. Nd2 Nxd2 25. Rxd2 a5 26. a4 h5 27. h4 Rbd8
28. Ke3 Kf6 29. g3 Ke6 30. Red1 Rd6 31. d4 exd4+ 32. cxd4 cxd4+ 33. Rxd4 Rxd4
34. Rxd4 Rc8 35. Rd5 Rc4 36. Rb5 Rxa4 37. Rxb6+ Kd7 38. g4 hxg4 39. fxg4 f5 40.
gxf5 gxf5 41. exf5 1/2-1/2

[Event "7. Europameisterschaft"]
[Site "Kusadasi"]
[Date "2006.04.06"]
[Round "3"]
[White "Stevic, Hrvoje"]
[Black "Meier, Georg"]
[Result "1/2-1/2"]
[WhiteElo "2502"]
[BlackElo "2407"]
[PlyCount "84"]
[EventDate "2006.04.04"]

1. e4 e6 2. d4 d5 3. Nc3 dxe4 4. Nxe4 Nd7 5. Nf3 Ngf6 6. Nxf6+ Nxf6 7. c3 c5 8.
Be3 cxd4 9. Qxd4 Qxd4 10. Bxd4 Be7 11. Bb5+ Bd7 12. Be2 O-O 13. Ne5 Be8 14. f4
Nd5 15. g3 f6 16. Nd3 Bb5 17. Rd1 Rad8 18. Bg4 f5 19. Bf3 Ne3 20. Bxe3 Rxd3 21.
Rxd3 Bxd3 22. Kf2 b6 23. Rd1 Rd8 24. a4 Bc2 25. Rxd8+ Bxd8 26. Bc6 Kf7 27. Bd4
Bf6 28. Ke3 Ke7 29. Bb5 Kd6 30. b4 e5 31. fxe5+ Bxe5 32. a5 g5 33. axb6 axb6
34. Bxb6 Bxc3 35. Bc5+ Ke5 36. Bc6 f4+ 37. gxf4+ gxf4+ 38. Ke2 Bd4 39. Bxd4+
Kxd4 40. b5 Ba4 41. Kf3 Ke5 42. Be8 Bxb5 1/2-1/2

[Event "7. Europameisterschaft"]
[Site "Kusadasi"]
[Date "2006.04.06"]
[Round "3"]
[White "Gasthofer, Alexander"]
[Black "Yeke, Serkan"]
[Result "1-0"]
[WhiteElo "2415"]
[BlackElo "2255"]
[PlyCount "143"]
[EventDate "2006.04.04"]

1. c4 c5 2. Nf3 b6 3. g3 Bb7 4. Bg2 Nf6 5. O-O e6 6. Nc3 d6 7. d4 cxd4 8. Qxd4
a6 9. Rd1 Nbd7 10. Bg5 Be7 11. Qd2 O-O 12. Bf4 Ne8 13. b3 Qc7 14. Qe3 Ndf6 15.
Rac1 Ng4 16. Qd2 Rd8 17. Qc2 Qc5 18. Rf1 Nef6 19. h3 Ne5 20. Nxe5 Bxg2 21. Kxg2
dxe5 22. Be3 Qc6+ 23. f3 Bc5 24. Bg5 h6 25. Bxf6 gxf6 26. Qe4 Qxe4 27. Nxe4 Be3
28. Rc3 Bd4 29. Rd3 f5 30. Nf2 b5 31. Rc1 Rc8 32. e3 bxc4 33. Rxc4 Rxc4 34.
bxc4 Bc5 35. Kf1 Rc8 36. Ke2 h5 37. Rc3 Be7 38. Rc2 a5 39. e4 fxe4 40. fxe4 Bc5
41. Nd3 Bd4 42. Ne1 f6 43. Nf3 Bc5 44. Rc3 Bb4 45. Rc1 Bc5 46. Ne1 Kf7 47. Nd3
Bd4 48. c5 Ke7 49. Rb1 Bxc5 50. Rc1 Kd6 51. g4 h4 52. Nb2 Rb8 53. Nc4+ Kd7 54.
Nxe5+ fxe5 55. Rxc5 Rb2+ 56. Kf3 Rxa2 57. g5 Kd6 58. Rc8 a4 59. Ra8 Ra1 60. Kg4
a3 61. Kxh4 a2 62. Kh5 Rh1 63. Rxa2 Rxh3+ 64. Kg6 Rh4 65. Ra4 Ke7 66. Kg7 Rf4
67. g6 Rh4 68. Ra7+ Kd6 69. Kf6 Rf4+ 70. Kg5 Rxe4 71. g7 Re1 72. Ra4 1-0

[Event "7. Europameisterschaft"]
[Site "Kusadasi"]
[Date "2006.04.07"]
[Round "4"]
[White "Sulskis, Sarunas"]
[Black "Luther, Thomas"]
[Result "0-1"]
[WhiteElo "2497"]
[BlackElo "2593"]
[PlyCount "81"]
[EventDate "2006.04.03"]

1. e4 e6 2. d4 d5 3. Nc3 Nf6 4. Bg5 dxe4 5. Nxe4 Be7 6. Bxf6 gxf6 7. Nf3 a6 8.
Bc4 b5 9. Bb3 f5 10. Ng3 c5 11. c3 c4 12. Bc2 Bb7 13. Qe2 Nd7 14. O-O-O Nf6 15.
Bxf5 exf5 16. Nxf5 Be4 17. N3h4 Qd5 18. Rhe1 Ra7 19. g4 Kd8 20. f3 Bxf5 21.
Nxf5 Re8 22. Qe5 Qxe5 23. dxe5+ Nd7 24. f4 Kc8 25. b4 cxb3 26. axb3 Nc5 27. Kc2
Bf8 28. Re3 Ne6 29. Nd6+ Bxd6 30. exd6 Nd4+ 31. Kd3 Rxe3+ 32. Kxe3 Nxb3 33. Ke4
Kd7 34. Kd5 Ra8 35. h4 Rc8 36. Ke5 a5 37. g5 a4 38. Kf6 Rxc3 39. h5 Rf3 40. f5
a3 41. Ke5 0-1

[Event "7. Europameisterschaft"]
[Site "Kusadasi"]
[Date "2006.04.07"]
[Round "4"]
[White "Chuchelov, Vladimir"]
[Black "Graf, Alexander"]
[Result "1/2-1/2"]
[WhiteElo "2538"]
[BlackElo "2592"]
[PlyCount "56"]
[EventDate "2006.04.03"]

1. Nf3 d5 2. d4 Nf6 3. c4 e6 4. Nc3 Be7 5. Bg5 h6 6. Bh4 O-O 7. e3 b6 8. Be2
Nbd7 9. cxd5 exd5 10. O-O Bb7 11. Bg3 Nh5 12. Be5 c5 13. dxc5 bxc5 14. Qb3 Bc6
15. Rfd1 Nhf6 16. Bxf6 Bxf6 17. Nxd5 Rb8 18. Nxf6+ Qxf6 19. Qc3 Rxb2 20. Qxf6
Nxf6 21. Bc4 Ng4 22. Rd2 Rxd2 23. Nxd2 Rd8 24. Nf3 Bxf3 25. gxf3 Ne5 26. Be2 g5
27. Rc1 Rd2 28. Rxc5 Rxe2 1/2-1/2